书目信息 |
| 题名: |
线性代数
|
|
| 作者: | 王莉琴 , 李乃华 主编 ;赵俊英 , 罗智明 副主编 | |
| 分册: | ||
| 出版信息: | 北京 中国人民大学出版社 2005.03 |
|
| 页数: | 277页 | |
| 开本: | 23cm | |
| 丛书名: | 新世纪大学数学立体化系列教材 | |
| 单 册: | ||
| 中图分类: | O151.2 | |
| 科图分类: | ||
| 主题词: | 线性代数--高等学校--教材 | |
| 电子资源: | ||
| ISBN: | 7-300-06252-0 | |
| 000 | 01017nam 2200289 450 | |
| 001 | 002960668 | |
| 005 | 20100809131738.39 | |
| 010 | @a7-300-06252-0@dCNY28.00 | |
| 100 | @a20100515d2005 em y0chiy50 ea | |
| 101 | 0 | @achi |
| 102 | @aCN@b110000 | |
| 105 | @ay a 000yy | |
| 200 | 1 | @a线性代数@Axian xing dai shu@f王莉琴, 李乃华主编@Fwang li qin,li nai hua zhu bian@g赵俊英, 罗智明副主编@Gzhao jun ying,luo zhi ming fu zhu bian |
| 210 | @a北京@c中国人民大学出版社@d2005.03 | |
| 215 | @a277页@d23cm | |
| 225 | 2 | @a新世纪大学数学立体化系列教材 |
| 320 | @a有书目 (第277页) | |
| 330 | @a本书共6章,内容包括:行列式,矩阵,线形方程组,向量,特征值问题 二次型,线形空间。 | |
| 410 | 0 | @12001 @a新世纪大学数学立体化系列教材 |
| 606 | 0 | @a线性代数@x高等学校@j教材 |
| 690 | @aO151.2@v4 | |
| 701 | 0 | @a王莉琴@Awang li qin@4主编 |
| 701 | 0 | @a李乃华@Ali nai hua@4主编 |
| 702 | 0 | @a赵俊英@Azhao jun ying@4副主编 |
| 702 | 0 | @a罗智明@Aluo zhi ming@4副主编 |
| 801 | 0 | @aCN@c20100515 |
| 905 | @dO151.2@eW2501@f5 | |
| 线性代数/王莉琴, 李乃华主编/赵俊英, 罗智明副主编.-北京:中国人民大学出版社,2005.03 |
| 277页;23cm.-(新世纪大学数学立体化系列教材) |
| ISBN 7-300-06252-0:CNY28.00 |
| 本书共6章,内容包括:行列式,矩阵,线形方程组,向量,特征值问题 二次型,线形空间。 |
| ● |
| 相关链接 |
|
|
|
正题名:线性代数
索取号:O151.2/W2501
 
预约/预借
| 序号 | 登录号 | 条形码 | 馆藏地/架位号 | 状态 | 备注 |
| 1 | 1021733 | 210217335 | 自科库401/401自科库 41排7列2层/ [索取号:O151.2/W2501] | 在馆 | |
| 2 | 1021734 | 210217344 | 自科库401/401自科库 41排7列2层/ [索取号:O151.2/W2501] | 在馆 | |
| 3 | 1021735 | 210217353 | 自科二线504/504自科库 50排5列6层/ [索取号:O151.2/W2501] | 在馆 | |
| 4 | 1021736 | 210217362 | 自科二线504/504自科库 50排5列6层/ [索取号:O151.2/W2501] | 在馆 | |
| 5 | 1021737 | 210217371 | 自科二线504/504自科库 50排5列6层/ [索取号:O151.2/W2501] | 在馆 |